000 00513 a2200169 4500
003 OSt
005 20240129130528.0
008 240129b |||||||| |||| 00| 0 eng d
040 _coclc
082 _a297.64
_bOLA/P
100 _aOlavattur, Abdu Rahman Moulavi
_910330
245 _aPravachaka Pathnimar /
_cAbdu Rahman Moulavi Olavattur
250 _a4th ed.
260 _aMalappuram:
_bBook Plus Publishers,
_c2021.
300 _a152p.
942 _2ddc
_cBK
_h297.64
_iOLA/P
_k297.64
_mOLA/P
999 _c43348
_d43348